000 00548nam a2200181Ia 4500
003 GCL
008 140319s9999 xx 000 0 ara d
040 _aGCL /
_cGCL
082 0 4 _a250
_bم ف
100 1 _aمحمد سليم العوا
245 1 0 _aفى اصول النظام الجنائى الاسلامى /
_cمحمد سليم العوا
260 _a[S.N] :
_bدار المعارف ،
_c1983
300 _a326 ص
490 _a
650 0 4 _aالشريعة الاسلامية
650 0 4 _aالفقه الاسلامى
942 _2ddc
_cBK
999 _c33726
_d33726